Normal view
MARC view
- Balasundaram, K
Entry Personal Name
001 - CONTROL NUMBER
- control field: 5904
003 - CONTROL NUMBER IDENTIFIER
- control field: OSt
005 - DATE AND TIME OF LATEST TRANSACTION
- control field: 20240213145934.0
008 - FIXED-LENGTH DATA ELEMENTS
- fixed length control field: 240213|| aca||aabn | a|a d
040 ## - CATALOGING SOURCE
- Original cataloging agency: OSt
- Transcribing agency: OSt
100 ## - HEADING--PERSONAL NAME
- Personal name: Balasundaram, K
670 ## - SOURCE DATA FOUND
- Source citation: Work cat.: (OSt)17: Balasundaram, K., Industrial Engineering / , 1994.
